000 00637nam a2200253Ia 4500
003 OSt
005 20221007105024.0
006 a|||||r|||| 00| 0
007 ta
008 221006b |||||||| |||| 00| 0 eng d
024 _a17,392
037 _cTextual
040 _aLCO
_cLCO
_beng
041 _2eng
_aeng
082 _aZ2,2,414, L0
100 _aAggarawala O.P
245 0 _aIndian Trusts Act, 1882
250 _a6th
260 _aDelhi
_bMetropolitan Book Co. India
_c1970
300 _a894
650 _aTRUSTS
_9706441
942 _hZ2,2,414, L0
_cTEXL
999 _c1186955
_d1186955